¿Para qué servimos las trabajadoras sociales? /

Bajo la premisa de que “las trabajadoras sociales sirvan para ayudar a las personas a liberarse de la opresión”, se proponen una serie de reflexiones y debates acerca de la profesión del trabajo social, y su manera de atender y actuar ante las desigualdades, la exclusión, y la diversidad.

Guardat en:
Dades bibliogràfiques
Autor principal: Gallardo Peralta, Lorena (autor)
Altres autors: Sánchez Moreno, Esteban (autor) (autor), Ureña Campaña, Mar (prólogo) (prólogo)
Format: Llibre
Idioma:espanyol
Publicat: Madrid, España : Los Libros de la Catarata, 2020, c2020
Col·lecció:(Los Libros de la Catarata ; 789)
Matèries:
Etiquetes: Afegir etiqueta
Sense etiquetes, Sigues el primer a etiquetar aquest registre!

MARC

LEADER 00000nam^a2200000^a^4500
001 000579278
005 20250521000000.0
009 20260310132526.272
020 |a 978-84-1352-039-1 
037 |a Acervo ITESO - Biblioteca 
041 |a ESP 
082 |a 361. 32  |b GAL 
100 |a Gallardo Peralta, Lorena  |e (autor) 
245 1 0 |a ¿Para qué servimos las trabajadoras sociales? /  |c L. Gallardo Peralta, E. Sánchez Moreno ; pról. de M. Ureña Campaña. 
264 4 |a Madrid, España :  |b Los Libros de la Catarata,  |c 2020, c2020 
300 |a 110 p. 
336 |a texto  |b txt  |2 rdacontenido 
337 |a sin mediación  |b n  |2 rdamedio 
338 |a volumen  |b nc  |2 rdasoporte 
440 5 |a (Los Libros de la Catarata ;  |v 789) 
520 |a Bajo la premisa de que “las trabajadoras sociales sirvan para ayudar a las personas a liberarse de la opresión”, se proponen una serie de reflexiones y debates acerca de la profesión del trabajo social, y su manera de atender y actuar ante las desigualdades, la exclusión, y la diversidad. 
521 |a FIL 2023 DIA 
649 |a XX 
650 |a Trabajadores Sociales -  |x Condiciones Laborales 
650 |a Bienestar 
650 |a Discriminación de Género 
650 |a Diversidad Cultural 
650 |a Igualdad y Desigualdad 
650 |a Lucha de Clases 
650 |a Marginación 
650 |a Opresión 
650 |a Problemas Sociales 
650 |a Intervención Social 
650 |a Trabajo Social -  |x Tema Principal 
650 |a Ciencias Sociales 
700 |a Sánchez Moreno, Esteban  |e (autor) 
700 |a Ureña Campaña, Mar  |e (prólogo) 
910 |a Fondo General 
920 |a Impresos - Libros 
930 |a Colección General 
905 |a 101 
901 |a 0500405705  |b IT1  |c ACC  |i C184746  |u 20250521 
902 |a https://opac.biblio.iteso.mx/vufind/Record/000579278